00834nam a2200217 a 450000100100000000500170001000800410002704000250006808200150009310000420010824501090015026000560025930000210031549000220033650400400035870000440039883000290044204900090047195201190048099900170059900002639820200930030213.0110316s1990 cu r 000 0 spa d aDO-SdBNPbspacBNPHU axxxbG643c1 aGonzález Valdés, América95343610aCómo propiciar la creatividad /cAmérica González Valdés ; edición Liliana Martínez Pérez. aLa Habana :bEditorial de Ciencias Sociales,c1990. a133 p. ;c19 cm.1 aCiencias sociales aIncluye bibliografía (p. 131-133)1 aMartínez Pérez, Lilianaeed.934075 0aCiencias sociales913247 aBNGR 001054708MOaGRbGRcCTd2011-03-16iLF1l0oxxx G643cp26398-10r2020-06-25w2020-06-25y4ZPréstamo en sala c25890d25890